|
|
|
|
| LEADER |
00000nab a2200000 a 4500 |
| 001 |
vtls001015552 |
| 003 |
SK-MaSNL |
| 005 |
20260303042654.0 |
| 008 |
040720e19981117xo 0 slo |
| 035 |
|
|
|a SN1504
|
| 040 |
|
|
|a SNSK
|b slo
|c SNSK
|e AACR2
|
| 041 |
0 |
|
|a slo
|
| 044 |
|
|
|a xo
|c SK
|
| 080 |
|
|
|a 711.523
|2 1981
|
| 080 |
|
|
|a 7.025.4
|2 1981
|
| 100 |
0 |
|
|a (gr)
|4 aut
|9 721966
|
| 245 |
1 |
0 |
|a Slávnostné odovzdávanie zrekonštruovaného námestia
|
| 650 |
0 |
7 |
|a námestia
|2 SNSK
|9 26291
|
| 650 |
0 |
7 |
|a rekonštrukcie
|2 SNSK
|9 24616
|
| 650 |
0 |
7 |
|a výsledky
|2 SNSK
|9 493505
|
| 651 |
|
7 |
|a Spišská Nová Ves (Slovensko)
|2 SNSK
|9 28800
|
| 651 |
|
7 |
|a SN,
|2 SNSK
|9 1021277
|
| 655 |
|
7 |
|a periodikum
|2 snkbucl
|9 29553
|
| 773 |
0 |
8 |
|t Nový Čas
|g Roč. 8, č.46, 17.11.1998, s. 1,2
|x 1335-4655
|
| 852 |
|
|
|a ZVYKNI
|b KIS3GCP
|
| 999 |
|
|
|c 1693213
|d 1695143
|